000
00331nam a2200133Ia 4500
008
240624s9999 xx 000 0 und d
041
_a
eng
082
_a
210 MAR
100
_a
MARITAIN JACQUES
245
_a
INTRODUCTION TO PHILOSOPHY
260
_c
2016
_a
New Delhi
_b
Bloomsbury
300
_a
xv, 178 p.; 19 cm.
365
_c
RS
_b
30
999
_c
29542
_d
29542